LEADER 02662nam0 22005533i 450 001 SBL0463869 005 20251003044355.0 020 $aIT$b742959 100 $a19910930d1973 ||||0itac50 ba 101 | $aita$ceng 102 $ait 181 1$6z01$ai $bxxxe 182 1$6z01$an 183 1$6z01$anc$2RDAcarrier 200 1 $aIndagine sulla natura e le cause della ricchezza delle nazioni$fAdam Smith$gintroduzione di Maurice Dobb 210 $aMilano$cISEDI$d1973 215 $aLXVIII, 1030 p.$d24 cm 225 | $aClassici dell'economia politica$v2 300 $aTrad. di F. Bartoli, C. Camporesi, S. Caruso 410 0$1001RAV0091717$12001 $aClassici dell'economia politica$v2 500 10$aˆAn ‰inquiry into the nature and causes of the wealth of nations.$3RAV0091718$9CFIV029584$915038 676 $a330$9ECONOMIA$v23 676 $a330.1$9SCIENZE ECONOMICHE. SISTEMI E TEORIE$v12 676 $a330.153$9ECONOMIA CLASSICA$v20 676 $a330.153$9$v21 676 $a330.153$9SCUOLE DI PENSIERO ECONOMICO. ECONOMIA CLASSICA$v22 676 $a330.9$9Situazioni e condizioni economiche$v14 676 $a330.9$9SITUAZIONE E CONDIZIONI ECONOMICHE$v17 676 $a330.9$9STORIA ECONOMICA, ECONOMIA DEI SINGOLI PAESI$v18 676 $a330.9$9SITUAZIONI E CONDIZIONI ECONOMICHE$v19 700 1$aSmith$b, Adam$f <1723-1790>$3CFIV029584$4070$071866 702 1$aBartoli$b, Franco$c $3CFIV009234 702 1$aCamporesi$b, Cristiano$3CFIV102649 702 1$aCaruso$b, Sergio$f <1946-2021>$3CFIV287735 790 1$aSmith$b, Adamo$3MILV147929$zSmith, Adam <1723-1790> 801 3$aIT$bIT-000000$c19910930 850 $aIT-BN0095 $aIT-SA0252 $aIT-AV0175 $aIT-SA0002 $aIT-SA0045 $aIT-CE0068 $aIT-NA0120 901 $bNAP 83$cIAN $n$ 901 $bNAP AE$cSC. POL. $n$ 901 $bNAP CP$cFM $n$ 901 $bNAP BM$cECONOMIA $n$ 901 $bNAP 01$cPOZZO LIB.$nVi sono collocati fondi di economia, periodici di ingegneria e scienze, periodici di economia e statistica e altri fondi comprendenti documenti di economia pervenuti in dono. 901 $bNAP 90$cAE $n$ 901 $bNAP CR$cCORSI $n$ 912 $aSBL0463869 950 0$aBiblioteca Centralizzata di Ateneo$c1 v.$d 01POZZO LIB.ECON MON 7397$e 0101 0700277575E VMA 1 v. (Precedente collocazione 27 EC 757)$fB $h20220803$i20220803 977 $a 01$a 83$a 90$a AE$a BM$a CP$a CR 996 $aInquiry into the nature and causes of the wealth of nations$915038 997 $aUNISANNIO